| 000 | 00783cam2a220024100 4500 | ||
|---|---|---|---|
| 001 | tmp15407792 | ||
| 003 | UPRA | ||
| 005 | 20190815085840.0 | ||
| 008 | 9508081985 ja eng u | ||
| 020 |
_c _15.00 |
||
| 035 | _a(Sirsi) r31637 | ||
| 035 | _a(UPRA)tmp15407792 | ||
| 040 | _cUPRA | ||
| 245 | 0 | 0 |
_aJapan : _ba reginal geography of an island nation / _cedited by Toshio Noh and John C. Kimura. |
| 260 |
_a[Tokyo] : _bTeikoku-Shoin, _c1985. |
||
| 504 | _aBibliography. | ||
| 651 | 0 |
_aJapan -- Description and travel. _xJapan -- Description and travel. _6S28943.1 |
|
| 700 | 1 |
_aNo, Toshio, 1912- _dNo, Toshio, 1912- _6A95807.1 |
|
| 700 | 1 |
_aKimura, John C. _6A95808.1 |
|
| 949 |
_aGB322 _wlcc _i-36142 _mMAIN _tBOOK _lON-SHELF |
||
| 004 | 31637 | ||
| 987 | _aISBN : unreadable? | ||
| 999 |
_c57123 _d57123 |
||